Szczegóły MARC21

Zarządzanie logistyczne w przedsiębiorstwie /

003 -Nazwa inst., której nr kontr. jest w polu 001 [,]
    • @
    • Nazwa instytucji, której n kontrolny jest w polu 001
    • NUKAT
005 -DATA I CZAS OSTATNIEJ MODYFIKACJI [,]
    • @
    • pole kontrolne
    • 20241231091822.0
020 -Międzynarod. znormalizowany nr książki - ISBN [ , ]
    • a
    • Numer ISBN
    • 8320811570 Find
040 -Instytucja sporządzająca opis [ , ]
    • a
    • Instytucja, która sporządziła opis (NP)
    • Ł U/un
    • c
    • Instytucja, która sporządziła rekord (NP)
    • Ł U/un
    • d
    • Instytucja, która zmodyfikowała rekord (P)
    • Ł U/MK
    • d
    • Instytucja, która zmodyfikowała rekord (P)
    • Ł U/JOs
942 -Rodzaj dokumentu [ , ]
    • c
    • Rodzaj dokumentu
    • Książka
100 -Hasło główne - nazwa osobowa [1, ]
    • a
    • Nazwa osobowa (NP)
    • Abt, Stefan
    • d
    • Daty biograficzne (NP)
    • (1937-2002).
    • 9
    • KHW
    • 76541
245 -Strefa tytułu i oznaczenia odpowiedzialności [1,0]
    • a
    • Tytuł
    • Zarządzanie logistyczne w przedsiębiorstwie / Find
    • c
    • Pozostałe elementy strefy tytułu i oznaczenia odpowiedzialności (NP)
    • Stefan Abt.
260 -Strefa adresu wydawniczego [ , ]
    • a
    • Miejsce wydania (P)
    • Warszawa :
    • b
    • Nazwa wydawcy (P)
    • Polskie Wydawnictwo Ekonomiczne,
    • c
    • Data wydania (P)
    • 1998.
300 -Strefa opisu fizycznego [ , ]
    • a
    • Określenie formy książki i/lub objętość (NP)
    • 365, [3] s. :
    • b
    • Oznaczenie ilustracji (NP)
    • il., mapa, wykr. ;
    • c
    • Format (NP)
    • 21 cm.
336 -Typ zawartości [ , ]
    • a
    • Termin opisujący typ zawartości
    • Tekst
    • b
    • Kod określający zawartość
    • txt
    • 2
    • Źródło (terminu i kodu)
    • rdacontent
337 -Typ mediów [ , ]
    • a
    • Tryb odtwarzania
    • Bez urządzenia pośredniczącego
    • b
    • Kod typu mediów
    • n
    • 2
    • Źródło (terminu i kodu)
    • rdamedia
338 -Typ/rodzaj nośnika [ , ]
    • a
    • Hasło opisujące typ nośnika
    • Wolumin
    • b
    • Kod typu nośnika
    • nc
    • 2
    • Źródło (terminu i kodu)
    • rdacarrier
504 -Uwaga dot. bibliogr. załącznikowej [ , ]
    • a
    • Uwaga dot. bibliografii załącznikowej
    • Bibliogr. s. 363-[366].
080 -Uniwersalna Klasyfikacja Dziesiętna [ , ]
    • a
    • Symbol klasyfikacji
    • 658.1/.5.011
650 -Hasło przedmiotowe [ ,7]
    • a
    • Hasło przedmiotowe
    • Logistyka (organizacja).
    • 2
    • Źródło terminu
    • kaba
    • 9
    • KHW
    • 117660
650 -Hasło przedmiotowe [ ,7]
    • a
    • Hasło przedmiotowe
    • Zarządzanie przedsiębiorstwem.
    • 2
    • Źródło terminu
    • kaba
    • 9
    • KHW
    • 137518
980 -Symbol UKD [ , ]
    • a
    • UKD
    • 658.1/.5.011
710 -Hasło dodatkowe - nazwa ciała zbiorowego [2, ]
    • a
    • Nazwa ciała zbiorowego lub nazwa geograficzna jako pierwszy element (NP)
    • Polskie Wydawnictwo Ekonomiczne.
    • 4
    • Kod relacji
    • pbl
    • 9
    • KHW
    • 50784
920 -ISBN [ , ]
    • a
    • ISBN
    • 83-208-1157-0 Find
Status udost. Numer inwentarzowy Sygnatura Lokalizacja Data inwentaryzacji
-2E.66197 BE1999-08-23
-6S.84124 BE1999-08-23
2S.84125 BE1999-08-23
-3S.84126 BE1999-08-23
-3W.201337W.201337BG2000-02-23
-3W.201338W.201337BG2000-02-23
2Z.95248Z.95248BG2000-02-23
-2GW.5792658GW2016-02-16
-2T.804 T1999-08-23
-3T.805T.805T1999-08-23
-6T.1883 T2000-02-23
-6T.1884 T2000-02-23
-3T.1885T.1885T2000-02-23
-3T.1886T.1886T2000-02-23
-6T.1887 T2000-02-23
-6T.1888 T2000-02-23
-6T.1889 T2000-02-23
-3T.3887T.3887T2001-01-30
-6T.3888 T2001-01-30
-3T.3889T.3889T2001-01-30
-6T.3890 T2001-01-30
-3T.3891T.3891T2001-01-30
-3T.3892T.3892T2001-01-30
-6T.3893 T2001-01-30